000 00505cam a2200205ua 4500
001 9887
005 20260515114534.0
008 161006n ii |||gr||||Z||||||asm
040 _cMAIN
041 _aasm
082 _a610
100 _aKhanikar, Gunaram,
_eAuthor.
245 _aBanousadhire diabetes chikitcha
_cBy Gunaram Khanikar
250 _a2nd ed.
260 _aGuwahati:
_bRekha prakashan,
_c2008.
300 _a64p.
653 _aMedicine & health
653 _aherbal medicine
942 _cBK
999 _c8889
_d8889